| 000 | 00749nam a2200265Ia 4500 | ||
|---|---|---|---|
| 003 | OSt | ||
| 005 | 20221006144627.0 | ||
| 006 | a|||||r|||| 00| 0 | ||
| 007 | ta | ||
| 008 | 221006b |||||||| |||| 00| 0 eng d | ||
| 020 |
_c _27.50 |
||
| 024 | _a12,180 | ||
| 037 | _cTextual | ||
| 040 |
_aEASL _cEASL _beng |
||
| 041 |
_2eng _aeng |
||
| 082 | _aV41.N12, L3 | ||
| 100 |
_aREID John Glibert _9652468 |
||
| 245 | 0 |
_aManchu abdication and the powers, 1908-1912 _ban episode in prewar diplomacy l |
|
| 260 |
_aWestport _bHyperion Press _c1973 |
||
| 300 |
_a497p. _ccm. |
||
| 650 | _a China- foreign relations | ||
| 650 | _aChina- history | ||
| 942 |
_hV41.N12, L3 _cTEXL _2CC |
||
| 999 |
_c1080266 _d1080266 |
||